<?xml version="1.0" encoding="UTF-8"?>
<marc:record xmlns:marc="http://www.loc.gov/MARC21/slim">
   <marc:leader>00000nam a2200000 a 4500</marc:leader>
   <marc:datafield ind1="1" ind2=" " tag="100">
      <marc:subfield code="a">Loydold, Juliane</marc:subfield>
      <marc:subfield code="4">aut</marc:subfield>
      <marc:subfield code="e">Verfasser/-in</marc:subfield>
   </marc:datafield>
   <marc:datafield ind1=" " ind2=" " tag="653">
      <marc:subfield code="a">Niederösterreich</marc:subfield>
   </marc:datafield>
   <marc:datafield ind1=" " ind2=" " tag="653">
      <marc:subfield code="a">Geschichte</marc:subfield>
   </marc:datafield>
   <marc:datafield ind1=" " ind2=" " tag="653">
      <marc:subfield code="a">Baden bei Wien</marc:subfield>
   </marc:datafield>
   <marc:datafield ind1=" " ind2=" " tag="653">
      <marc:subfield code="a">Steinfeld</marc:subfield>
   </marc:datafield>
   <marc:datafield ind1=" " ind2=" " tag="653">
      <marc:subfield code="a">Dorfleben</marc:subfield>
   </marc:datafield>
   <marc:datafield ind1=" " ind2=" " tag="653">
      <marc:subfield code="a">Sozialgeschichte</marc:subfield>
   </marc:datafield>
   <marc:datafield ind1=" " ind2=" " tag="653">
      <marc:subfield code="a">Softcover / Belletristik/Anthologien</marc:subfield>
   </marc:datafield>
   <marc:datafield ind1=" " ind2=" " tag="653">
      <marc:subfield code="a">Erzählende Literatur: Anthologien</marc:subfield>
   </marc:datafield>
   <marc:datafield ind1="0" ind2="0" tag="245">
      <marc:subfield code="a">Dorfgeschichten aus dem Steinfeld</marc:subfield>
   </marc:datafield>
   <marc:datafield ind1="0" ind2="0" tag="245">
      <marc:subfield code="b">1930er bis 1960er Jahre</marc:subfield>
   </marc:datafield>
   <marc:datafield ind1="0" ind2="0" tag="245">
      <marc:subfield code="c">Juliane Loydold</marc:subfield>
   </marc:datafield>
   <marc:datafield ind1=" " ind2="1" tag="264">
      <marc:subfield code="a">Berndorf</marc:subfield>
      <marc:subfield code="b">KRAL</marc:subfield>
      <marc:subfield code="c">2019</marc:subfield>
   </marc:datafield>
   <marc:datafield ind1="1" ind2=" " tag="520">
      <marc:subfield code="a">Angaben aus der Verlagsmeldung

Dorfgeschichten aus dem Steinfeld : 1930er bis 1960er Jahre / von Juliane Loydold

Die Autorin hat vor zwanzig Jahren von Autor Franz Reichhart, geb. 1914 in Sollenau, szt. Wohnhaft in Baden, ein Manuskript über seine Jugendjahre im Steinfeld geschenkt bekommen, und zwar mit den Worten Ich schenke es Ihnen, es geht sich nicht mehr aus . Einige Wochen später verstarb er. In diesem Manuskript beschrieb er in teils humorigen, teils erschütternden Erzählungen die Zwischenkriegsjahre, mündend in den zweiten Weltkrieg in seiner Heimat. Seine Helden waren einfache Leute vom Land, Menschen, die ihr Lebtag für Hungerlohn gearbeitet haben und schlussendlich aus den Friedhöfen verschwunden sind, als hätte es sie nie gegeben. In diesem Buch werden alte Berufe beschrieben, die es heutzutage schon lange nicht mehr gibt, vor allem aber ist es eine Hommage an die Menschlichkeit und den Humor der damaligen Bevölkerung im Steinfeld.

Die Autorin hat den Stil des Autors Franz Reichhart nicht verändert, nur die Orthografie der jetzigen Schreibweise angepasst und die Geschichten für die heutige Leserschaft in mühevoller Kleinarbeit spannend und lesbar gemacht.

Anlass für dieses Werk ist die Niederösterreichische Landesausstellung 2019 , die sich von Wiener Neustadt über das ganze Steinfeld erstreckt. Vor vielen Jahren hat einer der hervorragendsten Politiker unserer Zeit gesagt: Lernen Sie Geschichte, meine Herren! , das vorliegende Buch unterstreicht dieses Zitat.
</marc:subfield>
   </marc:datafield>
   <marc:datafield ind1=" " ind2=" " tag="020">
      <marc:subfield code="a">9783990248256</marc:subfield>
      <marc:subfield code="9">9783990248256</marc:subfield>
   </marc:datafield>
   <marc:datafield ind1=" " ind2=" " tag="020">
      <marc:subfield code="a">3990248251</marc:subfield>
      <marc:subfield code="9">3990248251</marc:subfield>
   </marc:datafield>
   <marc:datafield ind1=" " ind2=" " tag="041">
      <marc:subfield code="a">ger</marc:subfield>
   </marc:datafield>
   <marc:datafield ind1=" " ind2=" " tag="300">
      <marc:subfield code="a">120 Seiten</marc:subfield>
   </marc:datafield>
</marc:record>
